| 000 | 00439nam a2200193Ia 4500 | ||
|---|---|---|---|
| 003 | 0100 | ||
| 008 | 130307s9999 xx 000 0 und d | ||
| 040 | _cARRUPELIB | ||
| 050 | _aHQ734.B812 1963 | ||
| 100 | _aBreig, Joseph A | ||
| 245 | 4 | _aThe mysteries of marriage | |
| 260 | _aNew York | ||
| 260 | _bSheed and Ward | ||
| 260 | _c1963 | ||
| 300 | _a176p. | ||
| 300 | _b23 cm. | ||
| 650 | _bMedieval world--Origins | ||
| 942 | 0 | 0 | _01 |
| 999 |
_c100574 _d100574 |
||